Vybrané materiály XXV. sjezdu KSSS

Podrobná bibliografia
Médium: Kniha
Jazyk:čeština
Fyzický popis:159 s.
Vydavateľské údaje: Praha Státní pedagogické nakladatelství, n.p. 1978
Vydanie:2. čes. vyd.
Edícia:Prameny a dokumenty k občanské nauce na školách II. cyklu

MARC

LEADER 00000nam a22000005a 4500
001 vtls011532895
003 SK-MaSNL
005 20260224000357.0
008 210928s1978 xr 000 0 cze
040 |a SNK  |b slo  |c SNK  |e AACR2 
041 0 |a cze 
044 |a xr  |c CZ 
245 1 |a Vybrané materiály XXV. sjezdu KSSS 
250 |a 2. čes. vyd. 
260 |a Praha  |b Státní pedagogické nakladatelství, n.p.  |c 1978  |e Praha  |f Svoboda, n.p.; 
300 |a 159 s. 
490 |a Prameny a dokumenty k občanské nauce na školách II. cyklu 
500 |a Pomocný text k občanské nauce pro gymnázia , střední odborné školy a zařízení pro výchovu učňů 
852 |a Slovenská národná knižnica v Martine  |b 10000  |h SC 45046 
958 |a RKAT 
958 |a OND 
999 |c 761024  |d 762954 
952 |a SNK  |b SNK  |y VYP  |7 0  |p 17A1149995  |o snkSC 45046 D1  |i snkKIP 8684/78  |3 rekatalogizácia  |0 0  |1 0  |4 0  |d 2016-03-04  |l 0  |r 2026-02-24 00:03:57  |w 2026-02-24